Genie In A Bottle - Christina Aguilera - All Lyrics - Statistics

General Stats
  • This quiz has been taken 196 times
  • The average score is 437 of 500
Answer Stats
Answer % Correct
a
100%
I
100%
I'm
99%
I’m
99%
(I'm
99%
in
99%
(In
99%
me
99%
me,
99%
me)
99%
(Me)
99%
you
99%
You
99%
(You
99%
be
98%
bottle
98%
bottle,
98%
bottle)
98%
genie
98%
the
98%
The
98%
Baby,
97%
baby,
97%
baby
97%
(Baby,
97%
baby)
97%
go")
97%
go
97%
to
97%
If
96%
(If
96%
with
96%
wanna
95%
right
94%
way
94%
way,
94%
way)
94%
gotta
93%
Gotta
93%
oh)
93%
Oh-oh,
93%
oh-oh-oh
93%
oh-oh-oh,
93%
ooh
93%
(Ooh)
93%
(Whoa)
93%
come
91%
Come,
91%
come,
91%
make
88%
rub
88%
there's
88%
can
86%
price
86%
do
85%
pay
85%
true
85%
true,
85%
your
85%
(Your
85%
my
84%
(My
84%
wish
84%
and
83%
And
83%
let
82%
"No,
82%
no")
82%
no,
82%
is
81%
on
80%
like
79%
But
78%
(But
78%
but
78%
heart
77%
what
77%
"Let's
75%
sayin',
75%
sayin'
75%
for
73%
it
71%
out
71%
don't
69%
impression
69%
that
68%
body's
66%
feel
66%
of
66%
someone
66%
big
65%
I'll
63%
I've
63%
Waiting
63%
gonna
62%
You’re
62%
been
59%
release
59%
who
59%
honey
58%
Just
58%
mean
58%
it's
57%
free,
55%
century
54%
give
54%
nights
54%
set
54%
up
53%
away
52%
kisses
52%
locked
52%
lonely
52%
lips
51%
one
51%
light
49%
at
46%
blowin'
46%
good
46%
then
46%
tonight
46%
tight
43%
down
42%
more
42%
lickin'
41%
we're
40%
speed
38%
needs
37%
lights
35%
low
35%
music's
34%
dance
32%
racin'
28%
Hormones
26%
bangin'
6%
No matching quizzes found
Score Distribution
Percent of People with Each Score
Percentile by Number Answered
Your Score History
You have not taken this quiz